000 00573nam a2200181Ia 4500
008 100921s9999 xx 000 0 und d
082 _b12490
_a891.468 थ 74
100 _aकुरूंदकर नरहर.
245 _aपायवाट.
260 _bमॅजेस्टीक बुक स्टॉल,मुंबई.
_c1974
300 _a191
_b---
365 _b15
520 _aललित-संकीर्ण.
630 _aपायवाट.
650 _aललित-संकीर्ण.
730 _aपायवाट.
942 _cBOOK
999 _c761603
_d761600